Quiz o Głogowie Małopolskim - Statystyki

Ogólne statystyki
  • Ten quiz został rozwiązany 11 razy
  • Średni wynik to 10 z 15
Statystyki odpowiedzi
Wskazówka Odpowiedź % Poprawnych
Ta litera znajduje się w herbie miasta G
100%
Rejestracja obowiązująca w Głogowie Małopolskim RZE
100%
Duże miasto położone najbliżej Głogowa Małopolskiego Rzeszów
100%
W tym powiecie znajduje się Głogów Małopolski Rzeszowski
100%
Klub piłkarski z miasta Głogovia Głogów Małopolski
90%
W tym województwie znajduje się to miasto Podkarpackie
80%
W tym wieku miasto zostało założone XVI
80%
Kod pocztowy miasta 36-060
70%
Lotnisko w pobliżu miasta Rzeszów-Jasionka
70%
W tym województwie znajdowała się miasto w 1998 roku Rzeszowskie
70%
W tym stylu architektonicznym pierwotnie było projektowane miasto Renesans
60%
Burmistrz Głogowa Małopolskiego Tomasz Skoczylas
50%
Numer drogi krajowej przebiegającej przez miasto 9
30%
Jakie pasmo górskie znajduje się niedaleko miasta? Bieszczady
20%
W XVII wieku miasto było własnością tego rodu magnackiego Lubomirscy
20%
Nie znaleziono quizów pasujących do podanych kryteriów
Rozkład punktacji
Procent ludzi z każdym wynikiem
Percentyl według liczby udzielonych odpowiedzi
Twoja historia wyników
Nie rozwiązałeś tego quizu